000 01219cam a2200337 a 4500
001 77268
003 BD-RjUL
005 20211209082943.0
008 200309r 1964enkabc 000 0 eng d
020 _a9780415382380 (hbk.)
020 _a0415382386 (hbk.)
020 _a0415379245 (subset)
020 _a0415286190 (set)
035 _a(OCoLC)ocm73321696
_z(OCoLC)73321696
040 _aWQC
_cWQC
_dWQC
_dBAKER
_dOCLCQ
_dBTCTA
_beng
041 _aeng
082 _219
_a621.48
_bHUS 1964
100 1 _aHumphreys, Mary Eleanor Beggs.
_9240568
245 1 4 _aThe scientific and industrial revolution of our time /
_cM.E. Beggs-Humphreys and D.W. Humphreys.
246 3 4 _aScientific and industrial revolution of time
260 _aLondon :
_bgeorge Allen and Unwin,
_c1964.
300 _a47 p. :
_bill., maps, ports. ;
_c24 cm.
490 1 _aRoutledge library editions. Economic history
500 _aOriginally published: London, G. Allen and Unwin, 1964.
504 _aIncludes bibliographical references.
650 0 _aTechnology
_xHistory.
_9240569
700 1 _aHumphreys, Darlow Willis.
_9240570
830 0 _aRoutledge library editions.
_9240571
942 _2ddc
_cBK
999 _c77268
_d77268